| 000 | 01011nam a2200253 i 4500 | ||
|---|---|---|---|
| 001 | 145281 | ||
| 003 | ES-MaACL | ||
| 005 | 20230906201212.0 | ||
| 007 | t| | ||
| 008 | 070214s1978 sp r ||||1| spa d | ||
| 020 | _a84-253-0981-6 | ||
| 080 | _a94(460)"1936/39" | ||
| 100 | 1 |
_aSoria, Georges. _9107352 |
|
| 245 | 1 | 0 |
_aGuerra y revolución en España, 1936-1939 / _cGeorges Soria. |
| 250 | _a1ª ed. | ||
| 260 |
_aBarcelona : _bGrijalbo, _c1978. |
||
| 300 |
_a5 v. : _bil. ; _c29 cm. |
||
| 505 | 8 | _aContiene: 1. Génesis / traducido por Delfina Azcárate - 2. La confrontación / trad. por Manuel Bartolomé López - 3. Cambio de rumbo / trad. por José Chabás - 4. El equilibrio roto / trad. por José Chabás - 5. El desenlace / trad. por M. Bartolomé López | |
| 651 | 4 |
_aEspaña- _xHistoria- _y1936-1939, Guerra civil. _98292 |
|
| 700 | 1 |
_aAzcárate, Delfina. _924242 |
|
| 700 | 1 |
_aBartolomé López, Manuel. _926171 |
|
| 700 | 1 |
_aChabás Bergón, José. _937726 |
|
| 852 | 4 |
_aES-MaACL _jA-5565-69 |
|
| 999 |
_c145281 _d145281 |
||